Vowel-less Book Titles Quiz Stats

 Plays Quiz Updated Mar 12, 2019

Score 0/20 Timer 04:00
4 Plays Today
Vowels Removed Book Title % Correct
tkllmckngbrdTo Kill a Mockingbird
97.9%
frnknstnFrankenstein
96.1%
lttlwmnLittle Women
94.9%
thgrtgtsbThe Great Gatsby
91.4%
prdndprjdcPride and Prejudice
91.3%
clckwrkrngA Clockwork Orange
90.7%
brvnwwrldBrave New World
90.2%
crmndpnshmntCrime and Punishment
90.1%
lrdfthflsLord of the Flies
88.4%
wthrnghghtsWuthering Heights
85.2%
Vowels Removed Book Title % Correct
dnqxtDon Quixote
79.1%
gllvrstrvlsGulliver's Travels
78.2%
wrndpcWar and Peace
71%
trsrslndTreasure Island
61.2%
nmlfrmAnimal Farm
59.9%
dvntrsfhcklbrrfnnAdventures of Huckleberry Finn
55.8%
thtmmchnThe Time Machine
54.1%
thsndndthfrThe Sound and the Fury
48.6%
nhndrdyrsfsltdOne Hundred Years of Solitude
27.8%
tlftwctsA Tale of Two Cities
23.5%

You're not logged in!

Compare scores with friends on all Sporcle quizzes.
OR
Log In

Show Comments

Extras

Top Quizzes Today


Score Distribution

Your Account Isn't Verified!

In order to create a playlist on Sporcle, you need to verify the email address you used during registration. Go to your Sporcle Settings to finish the process.

Report this User

Report this user for behavior that violates our Community Guidelines.

Details: